=LDR 00000nam 2200000 4500 =001 INLIS000000000041046 =005 20130612150611 =008 ***********************************ind** =035 ##$$0010-061300000041046 =041 ##$$a ind =082 ##$$a 641.5 =090 ##$$a 641.5, Res s.2 =100 ##$$a Tim Ide Masak =245 ##$$a Resep Sop Buah, Tim Ide Masak =260 ##$$a 2011 $b Jakarta =300 ##$$a 32 hlm, ilus, 25 cm =850 ##$$a NBPNMAT